Statystyki dla Wszystkie utwory z albumu Sentino - ,,20/20"

Kliknij tutaj aby rozwiązać quiz!

Ogólne statystyki

  • Ten quiz został rozwiązany 5 razy
  • Średni wynik to 8 z 14

Statystyki odpowiedzi

Nr.Nazwa% Poprawnych
6.20/20
100%
3.Richard Mille
80%
9.Stop
80%
7.100 Mille
60%
5.63 AMG
60%
12.Baby Girl
60%
14.112
40%
10.AMG
40%
11.Daytona
40%
8.GTS
40%
13.Love 2 Hate
40%
4.Perico
40%
1.Shem Shem
40%
2.Tränen
40%

Rozkład punktacji

Percentyl według liczby udzielonych odpowiedzi

Procent ludzi z każdym wynikiem

Twoja historia wyników

Nie rozwiązałeś tego quizu